Die größten Städte Chiles - Statistiken

Allgemein
  • Dieses Quiz wurde 9 mal gespielt
  • Das Durchschnittsergebnis liegt bei 4 aus 13
Antwortstatistiken
Stadt Einwohner % Korrekt
Santiago de Chile 5.220.161
100%
Antofagasta 354.104
50%
Concepción 219.057
50%
Valparaíso 295.918
50%
Temuco 263.165
33%
Vina del Mar 334.248
33%
Arica 204.078
17%
Coquimbo 214.550
17%
La Serena 200.640
17%
Talca 220.357
17%
Puente Alto 568.094
0%
Rancagua 234.183
0%
San Bernando 291.610
0%
Keine übereinstimmenden Quizze gefunden
Verteilung der Resultate
Anzahl Personen mit jedem Resultat
Perzentil nach korrekt beantworteten Fragen
Ihre Resultats-Entwicklung
Sie haben dieses Quiz noch nicht gespielt